Giocatori che hanno vinto almeno un mondiale - Statistics

Statistiche generali
  • Questo quiz è stato fatto 262 volte
  • Il punteggio medio è 11 su 20
Answers on the Grid
Answers color-coded by a green-red scale on the quiz's grid according to % correct below.
neymar
garrincha
pato
zidane
maldini
ronaldo
palacio
mandzukic
puyol
beckenbauer
modric
pele
messi
khan
maradona
dibu martinez
baresi
gotze
barone
ibrahimovic
charlton
chiellini
capdevila
buffon
Muller
Totti
cafu
amelia
peruzzi
paredes
 
Statistiche sulle risposte
Risposta % Corretto
zidane
77%
messi
70%
maradona
69%
pele
68%
garrincha
63%
ronaldo
61%
beckenbauer
60%
puyol
58%
buffon
56%
Totti
55%
dibu martinez
53%
gotze
50%
Muller
50%
cafu
48%
paredes
44%
barone
40%
amelia
38%
charlton
34%
peruzzi
33%
capdevila
32%
Nessun quiz corrispondente trovato
Distribuzione punteggi
Percentuale di utenti per punteggio
Percentile per numero di risposta
I tuoi punteggi nel tempo
Non hai fatto questo quiz